| 000 | 00652nam a22001817a 4500 | ||
|---|---|---|---|
| 999 |
_c172632 _d172632 |
||
| 005 | 20200210113106.0 | ||
| 010 | _aB-209087 | ||
| 020 |
_c475.00 _a8182231507 |
||
| 035 | _aB-209087 | ||
| 037 | _bBPPD/Pub. | ||
| 082 | _a840.8 | ||
| 245 |
_aوہاب اشرفی : _bمنفرد نقاد اور دانشور / _cمرتب- ہمایوں اشرف |
||
| 246 |
_aWahab Ashrafi: Munfarid Naqqaad Aur Danishwar / _bedited by Humayun Ashraf |
||
| 260 |
_aDelhi _bEducational Publishing House _c2006 ء |
||
| 270 |
_a3108, Vakil Street, Kucha Pandit, Lal Kuan _bDelhi _e110006 |
||
| 300 |
_a944p. _c23cm(Hb) |
||
| 942 |
_2ddc _cUR _h840.8 _mو ہ ا |
||